000 00392nam a22001337a 4500
008 230626b xxu||||| |||| 00| 0 eng d
082 _a330.
_bWER 2002
100 _cMaureen Were
245 _aBetter Understanding of the Kenyan Economy: Simulations from KIPPRA-Treasury Macro Model
260 _aKenya
_bInter-Parliamentary Union
_c2002
300 _aVI,47p
440 _n16
942 _2ddc
_cBK
999 _c2645
_d2645